Люминесценция сульфида кадмия при сколе в атомарном водороде; 2 Всесоюзное совещание по хемилюминесценции

Dades bibliogràfiques
Parent link:2 Всесоюзное совещание по хемилюминесценции.— 1986.— С. 33
Autor principal: Горбачев А. Ф.
Altres autors: Ерофеева Г. В., Тюрин Ю. И.
Idioma:rus
Publicat: 1986
Matèries:
Format: MixedMaterials Capítol de llibre
KOHA link:https://koha.lib.tpu.ru/cgi-bin/koha/opac-detail.pl?biblionumber=594996

MARC

LEADER 00000naa0a2200000 4500
001 594996
005 20250220125834.0
035 |a (RuTPU)RU\TPU\tpu\12388 
035 |a RU\TPU\tpu\12387 
090 |a 594996 
100 |a 20050616d1986 k y0rusy50 ca 
101 0 |a rus 
102 |a RU 
200 1 |a Люминесценция сульфида кадмия при сколе в атомарном водороде  |f А. Ф. Горбачев, Г. В. Ерофеева, Ю. И. Тюрин 
463 |t 2 Всесоюзное совещание по хемилюминесценции  |o тезисы докладов (Уфа, 1986)  |v С. 33  |d 1986 
610 1 |a люминесценция 
610 1 |a сульфиды кадмия 
610 1 |a атомарный водород 
610 1 |a сколы 
610 1 |a труды учёных ТПУ 
700 1 |a Горбачев  |b А. Ф. 
701 1 |a Ерофеева  |b Г. В. 
701 1 |a Тюрин  |b Ю. И. 
801 1 |a RU  |b 63413507  |c 20050616  |g PSBO 
801 2 |a RU  |b 63413507  |c 20100503  |g PSBO 
942 |c BK